Histoire de Pologne : (Record no. 154764)

MARC details
000 -LEADER
campo de control de longitud fija 00686nam a22002055i 4500
001 - NÚMERO DE CONTROL
campo de control 154764
003 - IDENTIFICADOR DE NÚMERO DE CONTROL
campo de control ES-MaACL
005 - FECHA Y HORA DE LA ÚLTIMA TRANSACCIÓN
campo de control 20250712063130.0
008 - DATOS DE LONGITUD FIJA--INFORMACIÓN GENERAL
campo de control de longitud fija 040707q1900 fr b |||| | fre d
080 ## - NÚMERO DE LA CLASIFICACIÓN DECIMAL UNIVERSAL
Número de la Clasificación Decimal Universal 94(438)
100 1# - ENTRADA PRINCIPAL--NOMBRE DE PERSONA
Nombre de persona Grappin, Henri,
Fechas asociadas al nombre 1881-1959
Término indicativo de función/relación Autor
9 (RLIN) 127536
245 10 - MENCIÓN DEL TÍTULO
Título Histoire de Pologne :
Resto del título de ses origines a 1900 /
Mención de responsabilidad, etc. Henri Grappin.
260 ## - PUBLICACIÓN, DISTRIBUCIÓN, ETC.
Lugar de publicación, distribución, etc. Paris :
Nombre del editor, distribuidor, etc. Revue de Pologne,
Fecha de publicación, distribución, etc. [ca. 1900]
300 ## - DESCRIPCIÓN FÍSICA
Extensión 188 páginas, [1] hoja de mapa plegada ;
Dimensiones 20 cm.
651 #4 - PUNTO DE ACCESO ADICIONAL DE MATERIA--NOMBRE GEOGRÁFICO
Nombre geográfico Polonia-
Subdivisión general Historia.
9 (RLIN) 9240
852 4# - LOCALIZACIÓN
Ubicación ES-MaACL
Ubicación en estantería Depósito 2
Donativo/Legado Donativo Peiper
Número de control de estantería G-623
Encuadernación Holandesa
942 ## - ELEMENTOS DE ENTRADA SECUNDARIOS (KOHA)
Fuente del sistema de clasificación o colocación Clasificación decimal universal
Tipo de ítem Koha Libro impreso antiguo
Suprimir en OPAC No
Holdings
Estatus retirado Estado de pérdida Fuente del sistema de clasificación o colocación Estado de daño No para préstamo Colección Biblioteca de origen Biblioteca actual Ubicación en estantería Fecha de adquisición Fuente de adquisición Total de préstamos Signatura topográfica completa Código de barras Visto por última vez Tipo de ítem Koha
    Clasificación decimal universal     Libros del s. XIX Biblioteca del Ateneo de Madrid Biblioteca del Ateneo de Madrid Depósito 2 17/01/2008 Donación   G-623 1161874 23/02/2023 Libro impreso antiguo